00504 a2200145 4500003000500000005001700005040000900022082001500031100001800046245004500064260002800109300001000137505019900147650001200346Nust20230119183705.0 cNust a808.82,HAR aHardy, Thomas aThe Return of the native /cThomas Hardy aLondonbMacmillanc1934 a481:p aThe Three Woman (Page-1), The Arrival (Page-121), The Return of the Native (Page-133), The Fascination (Page-195), The Closed Door (Page-279), The Discovery (Page-361), AfterCourses (Page-449).  aA Novel